Polynomické asymptoty

Rozšírenie základného kurzu matematiky - širšie ponímanie problematiky asymptot funkcií a ich asymptotickej aproximácií. Definícia asymptoty, ich praktický význam a príklady. Lineárne asymptoty. Polynomické asymptoty, kvadratické asymptoty. Využitie open source programu wxMaxima pre určenie polynomi...

Ausführliche Beschreibung

Gespeichert in:
Bibliographische Detailangaben
1. Verfasser: Fecenko, Jozef
Format: Buchkapitel
Sprache:Slowakisch
Schlagworte:
Tags: Tag hinzufügen
Keine Tags, Fügen Sie das erste Tag hinzu!

MARC

LEADER 00000nla a2200000 4500
001 0239973
005 20240612121017.6
041 0 |a slo 
044 |a SK 
245 1 0 |a Polynomické asymptoty  |c Jozef Fecenko 
520 |a Rozšírenie základného kurzu matematiky - širšie ponímanie problematiky asymptot funkcií a ich asymptotickej aproximácií. Definícia asymptoty, ich praktický význam a príklady. Lineárne asymptoty. Polynomické asymptoty, kvadratické asymptoty. Využitie open source programu wxMaxima pre určenie polynomických asymptot. 
610 2 0 |a učebnice 
610 2 0 |a matematika 
610 2 0 |a funkcie matematické 
610 2 0 |a limity 
610 2 0 |a metódy matematické 
610 2 0 |a vzorce 
610 2 0 |a definície 
610 2 0 |a softvér 
610 2 0 |a programy počítačové 
100 1 |a Fecenko, Jozef